[Event "FIN-chT"]
[Site "?"]
[Date "1994.??.??"]
[Round "?"]
[White "Westerinen, Heikki MJ"]
[Black "Kiik, Kalle"]
[Result "1/2-1/2"]
[WhiteElo "2355"]
[BlackElo "2400"]

1.e4 c5 2.Nf3 e6 3.d4 cxd4 4.Nxd4 Nc6 5.Nc3 d6 6.Be2 Nf6 7.Be3 Be7 8.O-O O-O
9.f4 e5 10.Nb3 exf4 11.Bxf4 Be6 12.Kh1 d5 13.e5 Ne4 14.Bd3 f5 15.exf6 Bxf6
16.Nxe4 dxe4 17.Nc5 exd3 18.Nxe6 dxc2 19.Qxc2 Nd4 20.Nxd4 Qxd4  1/2-1/2

[Event "FIN-chT"]
[Site "?"]
[Date "1994.??.??"]
[Round "?"]
[White "Maki, Veijo"]
[Black "Kiik, Kalle"]
[Result "1/2-1/2"]
[WhiteElo "2405"]
[BlackElo "2400"]

1.e4 c5 2.Nf3 e6 3.d4 cxd4 4.Nxd4 Nc6 5.Nc3 d6 6.Be2 Nf6 7.O-O Be7 8.Be3 O-O
9.f4 e5 10.fxe5 dxe5 11.Nf5 Bxf5 12.Rxf5 Qxd1+ 13.Rxd1 g6 14.Rf2 Nd4 15.Bh6 Nxe2+
16.Rxe2 Rfd8 17.Rf1 Rd7 18.Bg5 Ne8 19.Bxe7 Rxe7 20.Nd5 Rd7 21.c4 Rc8 22.b3 Kg7
23.g4 h6 24.Kf2 Nf6 25.h3 Nxd5 26.exd5 b5 27.Re4 bxc4 28.bxc4 Rdc7 29.Rc1 Rc5
30.Rxe5 Kf6 31.Re4 Rxd5 32.Rf4+ Kg7 33.cxd5 Rxc1 34.Ke3 Kf8 35.Ra4 Rc3+ 36.Ke4 Rxh3
37.Rxa7 h5 38.d6 Ke8 39.Re7+ Kd8 40.gxh5 Rxh5 41.Rxf7 Ra5  1/2-1/2

[Event "Formia op"]
[Site "Formia"]
[Date "1994.??.??"]
[Round "7"]
[White "Martorelli, Antonio"]
[Black "Loeffler, Stefan"]
[Result "0-1"]
[WhiteElo "2245"]
[BlackElo "2440"]

1.e4 c5 2.Nf3 e6 3.d4 cxd4 4.Nxd4 Nc6 5.Nc3 Qc7 6.g3 a6 7.Bg2 d6 8.O-O Bd7
9.Nxc6 Bxc6 10.a4 Nf6 11.a5 Be7 12.Be3 O-O 13.Bb6 Qb8 14.Re1 Bd8 15.Bxd8 Rxd8
16.Na4 Nd7 17.c4 Qc7 18.Qd2 Rab8 19.Qb4 Ne5 20.Red1 f5 21.c5 fxe4 22.cxd6 Qf7
23.Bxe4 Nf3+ 24.Kg2 Qh5 25.Bxc6 Qxh2+ 26.Kf1 bxc6 27.Nb6 Rf8 28.d7 Ng5 29.Qd4 Ne4
30.Ke2 Rxf2+ 31.Kd3 Qxg3+ 32.Kxe4 Re2+  0-1

[Event "Fortaleza op"]
[Site "Fortaleza"]
[Date "1994.??.??"]
[Round "7"]
[White "De Souza, Mauro"]
[Black "Filgueira, Hernan"]
[Result "1-0"]
[WhiteElo "2315"]
[BlackElo "2290"]

1.e4 c5 2.Nf3 e6 3.d4 cxd4 4.Nxd4 Nc6 5.Nc3 Qc7 6.f4 a6 7.Be2 b5 8.Nxc6 Qxc6
9.Bf3 Bb7 10.Be3 Rc8 11.a3 Nh6 12.Qd2 Bc5 13.Bxc5 Qxc5 14.O-O-O O-O 15.Qxd7 b4
16.axb4 Qxb4 17.Rd4 Qb6 18.Qd6 Rc6 19.Qb4 Qc7 20.e5 Rb6 21.Qc4 Qb8 22.Na4 Rb5
23.Bxb7 Qxb7 24.Rhd1 g6 25.g3 Rc8 26.Qxc8+ Qxc8 27.Rd8+ Qxd8 28.Rxd8+ Kg7
29.Ra8  1-0

[Event "Gausdal Int"]
[Site "Gausdal"]
[Date "1994.??.??"]
[Round "2"]
[White "Kotronias, Vasilios"]
[Black "Ogaard, Leif"]
[Result "1/2-1/2"]
[WhiteElo "2545"]
[BlackElo "2420"]

1.e4 c5 2.Nf3 e6 3.d4 cxd4 4.Nxd4 Nc6 5.Nc3 a6 6.Be2 Qc7 7.O-O Nf6 8.Be3 Bb4
9.Na4 Be7 10.Nxc6 bxc6 11.Nb6 Rb8 12.Nxc8 Qxc8 13.e5 Nd5 14.Bc1 Bc5 15.c4 Ne7
16.b3 Qc7 17.Bb2 d6 18.exd6 Bxd6 19.g3 Be5 20.Bxe5 Qxe5 21.Bd3 O-O 22.Re1 Qc5
23.Qc2 g6 24.Qc3 Rfd8 25.Rad1 Rd4 26.Bc2 Rbd8 27.b4 Qa7 28.Rxd4 Rxd4 29.Re5 Qd7
30.Ra5 h5 31.h4 Nf5 32.Bxf5 exf5 33.Rxa6 f4 34.Ra8+ Kh7 35.gxf4 Qg4+ 36.Qg3 Qd1+
37.Kh2 Rd3 38.Qg5 Qe2 39.Qc5 Qg4 40.Rh8+ Kxh8  1/2-1/2

[Event "Arnold Cup"]
[Site "Gausdal"]
[Date "1994.??.??"]
[Round "4"]
[White "Haapasalo, Jukka Pekka"]
[Black "Kiik, Kalle"]
[Result "0-1"]
[WhiteElo "2235"]
[BlackElo "2400"]

1.e4 c5 2.Nf3 e6 3.d4 cxd4 4.Nxd4 Nc6 5.Nc3 d6 6.Bc4 Nf6 7.Be3 a6 8.Qe2 Qc7
9.Bb3 Be7 10.O-O-O O-O 11.g4 Nxd4 12.Rxd4 Nd7 13.g5 Nc5 14.f4 Bd7 15.f5 Rfc8
16.Qf2 b5 17.f6 Bf8 18.Rg1 g6 19.e5 dxe5 20.Rh4 b4 21.Rg3 Nxb3+ 22.axb3 bxc3
23.Rgh3 h5 24.bxc3 Qxc3 25.Kb1 Rab8 26.Bc1 Rxb3+ 27.cxb3 Qxc1+  0-1

[Event "Peer Gynt"]
[Site "Gausdal"]
[Date "1994.??.??"]
[Round "4"]
[White "Degerman, Lars"]
[Black "Tregubov, Pavel V"]
[Result "1/2-1/2"]
[WhiteElo "2475"]
[BlackElo "2545"]

1.e4 c5 2.Nf3 e6 3.d4 cxd4 4.Nxd4 Nc6 5.Nc3 Qc7 6.Be3 a6 7.Be2 Nf6 8.O-O Bb4
9.Na4 Rb8 10.c4 Bd6 11.Nf3 b5 12.Bb6 Rxb6 13.Nxb6 Bb7 14.cxb5 axb5 15.a4 Nxe4
16.a5 Nxa5 17.Rxa5 Qxb6 18.Rxb5 Qc7 19.Qd4 O-O 20.Qb6 Bc6 21.Qxc7 Bxc7 22.Rb3 Bd5
23.Rb5 Bc6 24.Rb3 Bd5  1/2-1/2

[Event "Arnold Cup"]
[Site "Gausdal"]
[Date "1994.??.??"]
[Round "5"]
[White "Moen, Ole Christian"]
[Black "Schmittdiel, Eckhard"]
[Result "0-1"]
[WhiteElo "2245"]
[BlackElo "2450"]

1.e4 c5 2.Nf3 Nc6 3.Nc3 e6 4.d4 cxd4 5.Nxd4 Qc7 6.Nb3 Nf6 7.Bd3 a6 8.O-O b5
9.a3 Bb7 10.f4 Na5 11.Nxa5 Qxa5 12.Bd2 Qb6+ 13.Kh1 h5 14.e5 Ng4 15.Qe2 d5
16.f5 O-O-O 17.b4 Qc7 18.fxe6 fxe6 19.Rae1 Be7 20.Bg6 Bh4 21.Rf7 Rd7 22.Rxd7 Kxd7
23.g3 Rf8 24.Nd1 Bd8 25.Bxh5 d4+ 26.Kg1 Qc6 27.Qe4  0-1

[Event "Arnold Cup"]
[Site "Gausdal"]
[Date "1994.??.??"]
[Round "6"]
[White "Hartikainen, Markku"]
[Black "Kiik, Kalle"]
[Result "1/2-1/2"]
[WhiteElo "2235"]
[BlackElo "2400"]

1.e4 c5 2.Nf3 e6 3.d4 cxd4 4.Nxd4 Nc6 5.Nc3 d6 6.Be2 Nf6 7.O-O Be7 8.Be3 Bd7
9.f4 Nxd4 10.Bxd4 Bc6 11.Bf3 O-O 12.Qe2 Qc7 13.Rad1 a6 14.Kh1 e5 15.Be3 b5
16.fxe5 dxe5 17.Bg5 b4 18.Bxf6 bxc3 19.Bxe7 Qxe7 20.bxc3 Qa3 21.Bg4 Qxc3
22.Bd7 Bb7 23.Ba4 a5 24.Rf3 Qb4 25.Bb3 Qxe4 26.Qxe4 Bxe4 27.Re3 Bg6 28.Rxe5 a4
29.Bd5 Bxc2 30.Bxa8 Bxd1 31.Ra5 h6 32.h3 Rd8 33.Bc6 Rd4 34.Ra7 f5 35.Be8 g5
36.Bb5 Bc2 37.Bc6 Kf8 38.Kg1 Rc4 39.Bb5 Rb4 40.Bc6 Rb1+ 41.Kh2 Rb2 42.Bd5 Rb6
43.Rc7 Bd1 44.Rf7+ Ke8 45.Rxf5 Ke7 46.Rf1 Bh5 47.h4 Rd6 48.Bg8 Rd8 49.Re1+ Kf8
50.Be6 Re8 51.Rf1+ Ke7 52.Bc4 gxh4 53.Rf5 Bd1 54.Re5+ Kf8 55.Rf5+ Kg7 56.Rf7+ Kg6
57.Ra7 Re3 58.Ra6+ Kg5 59.Bf7 Bc2 60.Ra5+ Kg4 61.Ra6 Kg5 62.Ra5+ Kf6 63.Bd5 Ra3
64.Bc4 Re3 65.Ra6+ Kg5 66.Ra5+ Kg4 67.Bb5 Kf4 68.Ra6 Ra3 69.Bc4 h5 70.Ra5 Bd1
71.Bf7 h3 72.gxh3 h4 73.Ra6 Bc2 74.Rf6+ Bf5 75.Be6 Rxh3+ 76.Kg2 Rg3+ 77.Kh2 Ke5
78.Rxf5+ Kxe6 79.Rf4 Ra3 80.Rxh4 Rxa2+ 81.Kg3 Ke5 82.Rb4 a3 83.Rb3 Ke4 84.Rc3 Ra1
85.Kg2 Kd4 86.Rf3 Ra2+ 87.Kg3 Kc4 88.Rf4+ Kd3 89.Rf3+ Ke4 90.Rf4+  1/2-1/2

[Event "Arnold Cup"]
[Site "Gausdal"]
[Date "1994.??.??"]
[Round "8"]
[White "Rantanen, Yrjo A"]
[Black "Kiik, Kalle"]
[Result "0-1"]
[WhiteElo "2355"]
[BlackElo "2400"]

1.e4 c5 2.Nf3 e6 3.d4 cxd4 4.Nxd4 Nc6 5.Nc3 d6 6.a4 Nf6 7.a5 e5 8.Nb3 Be7
9.Bg5 O-O 10.Bxf6 Bxf6 11.Nd5 Be6 12.Bc4 Rc8 13.c3 Bg5 14.O-O Nb4 15.Qe2 Nxd5
16.Bxd5 Bxd5 17.exd5 f5 18.a6 b6 19.Ra3 Qd7 20.Rd1 Rce8 21.c4 Bf6 22.f3 g6
23.Kh1 Qg7 24.Nd2 e4 25.b3 Bg5 26.Nf1 Qc3 27.Rb1 Re7 28.Ra2 Rfe8 29.Qc2 Qg7
30.Qf2 e3 31.Qe2 f4 32.Rc2 Bf6 33.g3 g5 34.Rbc1 Be5 35.Qg2 Kh8 36.Re2 Qf6
37.Rcc2 Rg8 38.g4 Bc3 39.Qh3 Bb4 40.Qg2 Rc8 41.h3 Qa1 42.Ra2 Qc3 43.Reb2 h6
44.Qe2 Kg7 45.Kg2 Qe1 46.Qd3 Bd2 47.Rxd2 exd2 48.Qxd2 Rce8 49.Qxe1 Rxe1 50.Kf2 R8e5
51.Rc2 Kf7 52.Ra2 Ke7 53.Rc2 Kd7 54.Ra2 Kc7  0-1

[Event "Geneve op"]
[Site "Geneve"]
[Date "1994.??.??"]
[Round "4"]
[White "Gallagher, Joseph G"]
[Black "Razuvaev, Yuri S"]
[Result "0-1"]
[WhiteElo "2485"]
[BlackElo "2555"]

1.e4 c5 2.Nf3 e6 3.d4 cxd4 4.Nxd4 Nc6 5.Nc3 Qc7 6.f4 a6 7.Nxc6 bxc6 8.Bd3 d5
9.O-O Nf6 10.Qe2 Bb7 11.Bd2 Be7 12.Rae1 Nd7 13.Nd1 O-O 14.Bc3 Qb6+ 15.Kh1 d4
16.Bd2 Nc5 17.Rf3 Nxd3 18.cxd3 c5 19.b3 f5 20.Rh3 e5 21.Qh5 Qg6 22.Qxg6 hxg6
23.exf5 Rxf5 24.fxe5 a5 25.Kg1 a4 26.Nf2 axb3 27.axb3 Ra2 28.Ne4 Rxe5 29.Bf4 Rf5
30.Rf3 Rb2 31.Bg3 Bd5 32.Rxf5 gxf5 33.Nxc5 Bxc5 34.Re5 Bxg2 35.Rxc5 Bh3 36.Rc7 Rg2+
37.Kh1 f4 38.Rc4 Rd2 39.Be1 Rd1 40.Kg1 Rxe1+ 41.Kf2  0-1

[Event "Geneve op"]
[Site "Geneve"]
[Date "1994.??.??"]
[Round "6"]
[White "Glek, Igor V"]
[Black "Krasenkow, Michal"]
[Result "1/2-1/2"]
[WhiteElo "2590"]
[BlackElo "2565"]

1.e4 c5 2.Nf3 e6 3.Nc3 Nc6 4.d4 cxd4 5.Nxd4 Nf6 6.g3 d5 7.exd5 Nxd5 8.Bg2 Ndb4
9.Nxc6 Qxd1+ 10.Kxd1 bxc6 11.a3 Nd5 12.Nxd5 exd5 13.Re1+ Be7 14.Bg5 Be6 15.Bxe7 Kxe7
16.Kd2 Rhb8 17.b3 Kd6 18.Rad1 a5  1/2-1/2

[Event "Baden-Hessen"]
[Site "Germany"]
[Date "1994.??.??"]
[Round "?"]
[White "Neurohr, Stephan"]
[Black "Kersten, Uwe"]
[Result "1-0"]
[WhiteElo "2330"]
[BlackElo "2365"]

1.e4 c5 2.Nf3 e6 3.d4 cxd4 4.Nxd4 Nc6 5.Nc3 a6 6.Be2 Qc7 7.O-O Nf6 8.Be3 Be7
9.f4 d6 10.Qe1 O-O 11.Qg3 Nxd4 12.Bxd4 b5 13.a3 Bb7 14.Rae1 Bc6 15.Bd3 Nh5
16.Qh3 Nxf4 17.Rxf4 e5 18.Nd5 Bxd5 19.exd5 g6 20.Rfe4 f5 21.R4e3 Bg5 22.Rg3 Bf4
23.Rf3 g5 24.Rxf4 gxf4 25.Bc3 Qf7 26.Bb4 Qg6 27.Be2 Rac8 28.Bc3 Rc7 29.Qh5 Qxh5
30.Bxh5 Rxc3 31.bxc3 Rc8 32.a4 Rxc3 33.axb5 axb5 34.Rb1 Rc5 35.Be2 Rxd5 36.c4  1-0

[Event "Bundesliga 9394"]
[Site "Germany"]
[Date "1994.??.??"]
[Round "?"]
[White "Hennings, Artur"]
[Black "Backwinkel, Paul"]
[Result "1/2-1/2"]
[WhiteElo "2365"]
[BlackElo "2410"]

1.e4 c5 2.Nc3 e6 3.Nf3 Nc6 4.d4 cxd4 5.Nxd4 Nf6 6.Ndb5 d6 7.Bf4 e5 8.Bg5 a6
9.Bxf6 gxf6 10.Na3 f5 11.Bd3 f4 12.Nd5 Be6 13.c3 Bg7 14.Qh5 Ne7 15.O-O-O b5
16.Bc2 Bxd5 17.exd5 Qb6 18.Rd2 Rc8 19.Re1 Ng6 20.Qf5 Rc7 21.f3 Ke7 22.Nb1 Rb8
23.a3 a5 24.b4 axb4 25.axb4 Qa7 26.Be4 Qa1 27.Rc2 Rbc8 28.Kd2 Qa7 29.Ke2 Bf6
30.g3 Rg8 31.Kd2 fxg3 32.hxg3 Nf8 33.Qh3  1/2-1/2

[Event "Bundesliga 9394"]
[Site "Germany"]
[Date "1994.??.??"]
[Round "?"]
[White "Pribyl, Martin"]
[Black "Christiansen, Larry Mark"]
[Result "1-0"]
[WhiteElo "2360"]
[BlackElo "2560"]

1.e4 c5 2.Nf3 Nc6 3.d4 cxd4 4.Nxd4 e6 5.Nc3 a6 6.Be3 Qc7 7.Qd2 Nf6 8.f3 Bb4
9.a3 Be7 10.g4 O-O 11.O-O-O b5 12.h4 Rb8 13.h5 Nxd4 14.Bxd4 b4 15.axb4 Rxb4
16.g5 Ne8 17.f4 Bb7 18.Kb1 Bc6 19.Rg1 Nd6 20.Nd5 Bxd5 21.Qxb4 Bxe4 22.Qc5 Qb7
23.Qb6 Qc8 24.Rd2 Nf5 25.Bxa6 Qa8 26.Bc3 Rb8 27.Qc7 Rf8 28.Bd3 Bd6 29.Bxe4 Bxc7
30.Bxa8 Rxa8 31.Rxd7 Bxf4 32.g6 fxg6 33.hxg6 h5 34.Rf1 Bh6 35.Re1 h4 36.Rxe6 h3
37.Be5 Nh4 38.Red6 Rf8 39.Rd8 Nf3 40.Bg3 h2 41.Rd1 Be3 42.Rxf8+ Kxf8 43.Rh1 Ke7
44.Bxh2 Nd2+ 45.Ka2 Kf6 46.Re1 Bg5 47.Rg1 Be3 48.Rg2 Kf5 49.Bg1 Bh6 50.Bd4 Ne4
51.b4 Nd6 52.Kb3 Ke4 53.Bb2 Kd5 54.Rh2 Nc8 55.c4+ Kd6 56.c5+  1-0

[Event "BL2-O9394"]
[Site "Germany"]
[Date "1994.??.??"]
[Round "?"]
[White "Bus, Mariusz"]
[Black "Liebert, Heinz"]
[Result "1-0"]
[WhiteElo "2370"]
[BlackElo "2380"]

1.e4 c5 2.Nf3 Nc6 3.Nc3 e6 4.d4 cxd4 5.Nxd4 a6 6.Nxc6 bxc6 7.Bd3 d5 8.O-O Nf6
9.Qe2 Be7 10.b3 O-O 11.Bb2 Nd7 12.Na4 Nb6 13.Nxb6 Qxb6 14.c4 d4 15.e5 Bb7
16.Qh5 g6 17.Qg4 c5 18.Bc1 Rfe8 19.Bh6 Bf8 20.Bxf8 Rxf8 21.h4 h5 22.Qf4 Qd8
23.Rfe1 Kg7 24.Rad1 a5 25.a4 Bc6 26.Bc2 Qe7 27.Rd3 Rh8 28.Rg3 Ra7 29.Rd1 Be8
30.Qg5 Rh6  1-0

[Event "BL2-O9394"]
[Site "Germany"]
[Date "1994.??.??"]
[Round "?"]
[White "Kleinschmidt, Felix"]
[Black "Liebert, Heinz"]
[Result "0-1"]
[WhiteElo "2220"]
[BlackElo "2380"]

1.e4 c5 2.Nf3 Nc6 3.d4 cxd4 4.Nxd4 e6 5.Nc3 a6 6.Be3 Qc7 7.Be2 Nf6 8.O-O Be7
9.f4 d6 10.Qe1 O-O 11.Kh1 Nxd4 12.Bxd4 b5 13.Qg3 Bb7 14.Bd3 Nh5 15.Qg4 Nf6
16.Qg3 Nh5 17.Qg4 Nf6 18.Qh3 e5 19.fxe5 dxe5 20.Qg3 Nd7 21.Rf5 Bd6 22.Be3 f6
23.Qh4 Rf7 24.a4 b4 25.Nb1 a5 26.c4 Bc5 27.Bc1 Bd4 28.Nd2 Nc5 29.Bc2 Rd8
30.Nf1 Qc6 31.Ng3 b3 32.Bd1 Nxe4 33.Nxe4 Qxe4  0-1

[Event "BL2-O9394"]
[Site "Germany"]
[Date "1994.??.??"]
[Round "?"]
[White "Kyas, Juergen"]
[Black "Lang, Stefan"]
[Result "1-0"]
[WhiteElo "2265"]
[BlackElo "2250"]

1.e4 c5 2.Nf3 e6 3.d4 cxd4 4.Nxd4 Nc6 5.Nc3 Qc7 6.g3 a6 7.Bg2 Nf6 8.O-O Nxd4
9.Qxd4 Bc5 10.Qd1 O-O 11.Re1 d6 12.Bf4 Nd7 13.Na4 e5 14.Bg5 Re8 15.Nxc5 Nxc5
16.Qd2 Be6 17.Rad1 f6 18.Be3 Red8 19.Qc3 Rac8 20.Rd2 a5 21.Red1 b6 22.b3 Qb8
23.Bxc5 dxc5 24.Qe3 Kf7 25.Bf1 Rxd2 26.Qxd2 b5 27.Qxa5 c4 28.Qb4 Qb7 29.bxc4 Bxc4
30.Bxc4+ Rxc4 31.Qb3 Qxe4 32.Qxb5 Rxc2 33.Qd7+ Kg6 34.a4 Ra2 35.Qe8+ Kh6
36.Qe6 Rxa4 37.Rf1 Rb4 38.Qh3+ Kg6 39.Qe6 h5 40.Qe8+ Kh6 41.Qh8+ Qh7 42.Qd8 Rd4
43.Qc8 Qg6 44.Qh8+ Kg5 45.h4+ Kg4 46.Qc8+ Kf3 47.Re1 Rd3 48.Qc2 Kg4 49.Re3 e4
50.f3+ Kxg3  1-0

[Event "BL2-S9394"]
[Site "Germany"]
[Date "1994.??.??"]
[Round "?"]
[White "Arnold, Lothar"]
[Black "Tompa, Janos"]
[Result "1/2-1/2"]
[WhiteElo "2340"]
[BlackElo "2450"]

1.e4 c5 2.Nf3 e6 3.d4 cxd4 4.Nxd4 Nc6 5.Nc3 Qc7 6.Be2 a6 7.a4 Nf6 8.O-O Be7
9.Be3 d6 10.f4 O-O 11.Kh1 Bd7 12.Qd2 Na5 13.Qd3 Rac8 14.Rad1 Rfd8 15.Bc1 e5
16.Nf5 Bxf5 17.exf5 e4 18.Nxe4 Qxc2 19.Nc3 Qxd3 20.Rxd3 Nc6 21.Be3 Nb4 22.Rd2 Re8
23.Bf3 d5 24.Bd4 Bd8 25.Be5 Nd7 26.Nxd5 Nxe5 27.fxe5 Nc6 28.e6 fxe6 29.fxe6 Ne5
30.Be4 g6 31.Nc3 Ba5 32.Bxb7 Bxc3 33.bxc3 Rxc3 34.Rd6 a5 35.Ba6 Rc5 36.Bb5 Re7
37.h3 Kg7 38.Ra6 h5 39.Kh2 h4 40.Re1 Kf6 41.Rxa5 Rxe6 42.Ra6 Rxa6 43.Bxa6 g5
44.Ra1 g4 45.hxg4 Nxg4+ 46.Kg1 Ne5 47.Be2 Nc6 48.Bf3 Nd4 49.Bd1 Nc6 50.Kh2 Kg5
51.Rb1 Rc3 52.Rb5+ Kg6 53.a5 Kf7 54.a6 Ra3 55.Rb6 Nd4 56.Bg4 Ke7 57.Rh6 Nb5
58.Bf3 h3 59.Kxh3 Nc7 60.Rh7+ Kd6 61.Kh4 Rxa6 62.Bg4 Ra4 63.Rd7+ Kc6 64.Rd8 Ne6
65.Re8 Nf4 66.g3 Nd5 67.Re6+ Kc5 68.Kh3 Ra3 69.Re8 Nf4+ 70.Kh4 Ng2+ 71.Kh3 Nf4+
72.Kh4 Ng2+ 73.Kh3  1/2-1/2

[Event "BL9394 (Women)"]
[Site "Germany"]
[Date "1994.??.??"]
[Round "?"]
[White "Lopatina, Olga"]
[Black "Zatulovskaya, Tatiana"]
[Result "1-0"]
[WhiteElo "2105"]
[BlackElo "2170"]

1.e4 c5 2.Nf3 Nc6 3.Nc3 e6 4.d4 cxd4 5.Nxd4 d6 6.Bc4 Nf6 7.O-O Be7 8.Be3 O-O
9.f4 a6 10.a4 Qc7 11.Qe2 Bd7 12.Kh1 Nxd4 13.Bxd4 Rac8 14.Bb3 e5 15.Bg1 exf4
16.Rxf4 Be6 17.Nd5 Bxd5 18.exd5 Rce8 19.a5 Bd8 20.Qf3 Nd7 21.Rc4 Qb8 22.Qf5 Re7
23.Ba4 g6 24.Qh3 f5 25.b4 Ne5 26.Rc3 Ref7 27.Rf1 Bf6 28.Bd4 Ng4 29.Bxf6 Rxf6
30.Bd7 Qa7 31.Qh4 Qb8 32.h3 Ne5 33.Be6+ Kg7 34.Qd4 g5 35.Qb6 R6f7 36.Bxf7 Rxf7
37.b5 Nd7 38.Qd4+ Ne5 39.b6 f4 40.g3 fxg3 41.Rxf7+ Kxf7 42.Rc7+ Kf6 43.Kg2 Qe8
44.Kxg3 h5 45.Rxb7 h4+ 46.Kg2 Qb5 47.Ra7 Qxa5 48.b7 Qb5 49.Rxa6 Ke7 50.Qd2 Kd7
51.Ra5 Qxb7 52.Qxg5 Kc7 53.Qxh4 Qb6 54.Ra8 Kb7 55.Qd8  1-0

[Event "Oberliga Nord N9394"]
[Site "Germany"]
[Date "1994.??.??"]
[Round "?"]
[White "Kuehn, Peter"]
[Black "Sahlender, Frank"]
[Result "1/2-1/2"]
[WhiteElo "2275"]
[BlackElo "2275"]

1.e4 c5 2.Nf3 e6 3.Nc3 Nc6 4.d4 cxd4 5.Nxd4 a6 6.Be3 Qc7 7.Bd3 Nf6 8.O-O Bd6
9.Kh1 Bf4 10.Bxf4 Qxf4 11.Nxc6 dxc6 12.Qe2 e5 13.a4 O-O 14.a5 Be6 15.f3 Rad8
16.Rfd1 Qh6 17.Na4 Nh5 18.Qf2 Nf4 19.Nc5 Bc8 20.Bc4 Rd6 21.Rxd6 Qxd6 22.Nd3 Nxd3
23.Bxd3 Rd8 24.Qb6 c5 25.Qxd6 Rxd6 26.Rd1 c4 27.Be2 Rxd1+ 28.Bxd1 Kf8 29.b4 cxb3
30.cxb3 Be6 31.b4 Bc4  1/2-1/2

[Event "BL2-W9394"]
[Site "Germany"]
[Date "1994.??.??"]
[Round "?"]
[White "Balzar, Andreas"]
[Black "Stoering, Volker"]
[Result "0-1"]
[WhiteElo "2330"]
[BlackElo "2340"]

1.e4 c5 2.Nf3 e6 3.d4 cxd4 4.Nxd4 Nc6 5.Nc3 Qc7 6.Nxc6 bxc6 7.Bd3 Nf6 8.O-O Bc5
9.Qe2 e5 10.Bg5 Be7 11.f4 O-O 12.fxe5 Qxe5 13.Rf5 Qe6 14.e5 Nd5 15.Nxd5 cxd5
16.Raf1 d6 17.c4 dxc4 18.exd6 Bxg5 19.Bxc4 Qxe2  0-1

[Event "BL2-W9394"]
[Site "Germany"]
[Date "1994.??.??"]
[Round "?"]
[White "Kuijf, Marinus"]
[Black "Teske, Henrik"]
[Result "0-1"]
[WhiteElo "2415"]
[BlackElo "2495"]

1.e4 c5 2.Ne2 Nc6 3.d4 cxd4 4.Nxd4 e6 5.Nc3 Qc7 6.f4 a6 7.Nf3 b5 8.Bd3 Bb7
9.O-O Bc5+ 10.Kh1 Nge7 11.a3 Nd4 12.Nxd4 Bxd4 13.Bd2 O-O 14.Qe1 f5 15.Rd1 Qc6
16.Qg3 Rf6 17.Rde1 Raf8 18.Re2 Rg6 19.Qe1 Nc8 20.Na2 Nd6 21.Nb4 Qc8 22.e5 Qa8
23.Rg1 Ne4 24.Bxe4 Bxe4 25.c3 Bxg1 26.Qxg1 a5 27.Na2 Qd5  0-1

[Event "NRW-Liga II 9394"]
[Site "Germany"]
[Date "1994.??.??"]
[Round "?"]
[White "Auer, Martin"]
[Black "Michalek, Christoph"]
[Result "1-0"]
[WhiteElo "2310"]
[BlackElo "2220"]

1.e4 c5 2.Nf3 e6 3.d4 cxd4 4.Nxd4 Nc6 5.Nc3 a6 6.Be2 Qc7 7.O-O b5 8.Nxc6 Qxc6
9.Bf3 Bb7 10.Bf4 Rc8 11.Re1 Bc5 12.e5 Qb6 13.Bxb7 Bxf2+ 14.Kh1 Qxb7 15.Ne4 Bc5
16.Qg4 Kf8 17.Bd2 Be7 18.Rf1 f5 19.exf6 gxf6 20.Rae1 Rc4 21.b3 Rxc2 22.Qh5 h6
23.Qg6 Rxd2 24.Nxd2 h5 25.Nf3 Rh6 26.Qd3 Kg7 27.Rd1 d5 28.Rfe1 Qd7 29.Nd4 f5
30.Qe2 Kf7 31.Rd3 Bb4 32.Nf3 Bd6 33.Ng5+ Kf6 34.Nxe6  1-0

[Event "NRW-Liga I 9394"]
[Site "Germany"]
[Date "1994.??.??"]
[Round "?"]
[White "Wacker, Peter"]
[Black "Van Mil, Johannes A J"]
[Result "1/2-1/2"]
[WhiteElo "2300"]
[BlackElo "2450"]

1.e4 c5 2.Nf3 e6 3.d4 cxd4 4.Nxd4 Nc6 5.Nc3 a6 6.Nxc6 bxc6 7.e5 Qc7 8.f4 d5
9.exd6 Bxd6 10.Ne4 Be7 11.Bd3 Nh6 12.Qe2 Nf5 13.O-O h5 14.b3 Qa7+ 15.Qf2 Bd8
16.c4 Qxf2+ 17.Kxf2 Bb6+ 18.c5 Bc7 19.Bd2 a5 20.a3 Ba6 21.Bxa6 Rxa6 22.Be3 Ke7
23.Rad1 Raa8 24.Rd3 Rhd8 25.Rfd1 Rd5 26.Nc3 Rxd3 27.Rxd3 g5 28.g3 h4 29.Bd2 hxg3+
30.hxg3 gxf4 31.gxf4 Rh8 32.Kg2 Rh4 33.Ne2 Rg4+ 34.Kf3 Rh4 35.Kg2 Rg4+ 36.Kf3 Rh4
37.Kg2  1/2-1/2

[Event "Oberliga Nord O9495"]
[Site "Germany"]
[Date "1994.??.??"]
[Round "?"]
[White "Waldmann, Hans Joachim"]
[Black "Simon, Ralf Axel"]
[Result "1/2-1/2"]
[WhiteElo "2400"]
[BlackElo "2240"]

1.e4 c5 2.Nf3 Nc6 3.d4 cxd4 4.Nxd4 e6 5.Nc3 a6 6.g3 d6 7.Bg2 Bd7 8.Nde2 Be7
9.O-O Qc7 10.h3 Bf6 11.b3 Nd4 12.Nxd4 Qxc3 13.Be3 Ne7 14.Rc1 Qa5 15.Qd3 O-O
16.c4 Rfd8 17.a3 Qxa3 18.Nc2 Qa5 19.Qxd6 Bc6 20.Qb4 Qxb4 21.Nxb4 Bd4 22.Bxd4 Rxd4
23.Rfd1 Rxd1+ 24.Rxd1 Be8 25.e5 Rb8 26.Rd6 a5 27.Nc2 Bc6 28.Nd4 Bxg2 29.Kxg2 Kf8
30.Nb5 Nc6 31.f4 Ke7 32.Rd1 f6 33.exf6+ gxf6 34.Kf3 b6 35.g4 Rb7 36.h4 Nb4
37.Nd6 Rc7 38.h5 Na6 39.Nb5 Rb7 40.Nd4 Nc5 41.Nc6+ Ke8 42.b4 axb4 43.Rd8+ Kf7
44.Nxb4 Rc7 45.g5 Nb7 46.Rb8 fxg5 47.fxg5 Nd6 48.Rxb6 Nxc4 49.Rb8 Kg7 50.h6+ Kg6
51.Rg8+ Kf5 52.Rg7 Ne5+ 53.Ke2 Rc4 54.Na6 Rc2+ 55.Kf1 Kf4 56.Rxh7 Kxg5 57.Rh8 Ng6
58.Re8 e5 59.h7 Rh2 60.Nc5 Rxh7 61.Ne4+ Kf4 62.Nf2 Rf7 63.Ke2 Kf5 64.Ra8 Rb7
65.Nd3 Nf4+ 66.Nxf4 Kxf4 67.Ra3 Rb2+ 68.Ke1 e4 69.Rc3 Rh2 70.Ra3 Rg2 71.Rb3 Rg3
72.Rxg3 Kxg3 73.Ke2 Kf4 74.Kf2  1/2-1/2

[Event "Oberliga Nord O9495"]
[Site "Germany"]
[Date "1994.??.??"]
[Round "?"]
[White "Jaracz, Pawel"]
[Black "Knuth, Hannes"]
[Result "1/2-1/2"]
[WhiteElo "2415"]
[BlackElo "2350"]

1.e4 c5 2.Nc3 e6 3.Nf3 Nc6 4.d4 cxd4 5.Nxd4 Nf6 6.Ndb5 d6 7.Bf4 e5 8.Bg5 a6
9.Na3 Be6 10.Nc4 Rc8 11.Ne3 Be7 12.Bxf6 Bxf6 13.Bd3 Bg5 14.Ncd5 O-O 15.O-O Ne7
16.Nxe7+ Qxe7 17.Qe2 Bxe3 18.Qxe3 d5 19.c3 Qc5 20.Qxc5 Rxc5 21.f4 dxe4 22.Bxe4 Bc4
23.Rf2 f5 24.Bxb7 e4 25.b3 Rb8 26.Bxe4 fxe4 27.bxc4 Rxc4 28.Rc2 Rd8 29.Kf2 Rd3
30.Re1 Kf7 31.Re3 Kf6 32.Ke2 Rd5 33.Rh3 h6 34.g4 Ra5 35.Kf2 Rca4 36.Ke3 Rd5
37.Ke2  1/2-1/2

[Event "Goch op"]
[Site "Goch"]
[Date "1994.??.??"]
[Round "2"]
[White "Rosenberger, Frank"]
[Black "Eisner, Ernst"]
[Result "1-0"]
[WhiteElo "2295"]
[BlackElo "1875"]

1.e4 c5 2.Nf3 e6 3.Nc3 Nc6 4.d4 cxd4 5.Nxd4 Nf6 6.Be2 Be7 7.Be3 a6 8.a4 Qc7
9.O-O b6 10.f4 Nxd4 11.Bxd4 Bb7 12.Bf3 O-O 13.Kh1 Rfd8 14.e5 Ne8 15.f5 f6
16.Bxb7 Qxb7 17.Qg4 fxe5 18.Bxe5 d6 19.f6 dxe5 20.Qxe6+ Kh8 21.fxe7 Qxg2+
22.Kxg2  1-0

[Event "Graz-ch"]
[Site "Graz"]
[Date "1994.??.??"]
[Round "2"]
[White "Teuschler, Hugo"]
[Black "Vodep, Otto"]
[Result "0-1"]
[WhiteElo "2095"]
[BlackElo "2155"]

1.e4 c5 2.Nf3 e6 3.d4 cxd4 4.Nxd4 Nc6 5.Nc3 Qc7 6.Be3 a6 7.a3 b5 8.Be2 Bb7
9.O-O Nf6 10.Kh1 h5 11.f4 Be7 12.e5 Ng4 13.Bxg4 hxg4 14.Qxg4 Nxd4 15.Bxd4 O-O-O
16.Rf2 Rh4 17.Qg3 Rdh8 18.Kg1 Qc6 19.Rd2 g5 20.fxg5 Bc5 21.Bxc5 Qxc5+ 22.Rf2 Rxh2  0-1

[Event "Graz op"]
[Site "Graz"]
[Date "1994.??.??"]
[Round "4"]
[White "Kotz, Heinz Peter"]
[Black "Cebalo, Miso"]
[Result "0-1"]
[WhiteElo "2260"]
[BlackElo "2485"]

1.e4 c5 2.Nf3 e6 3.d4 cxd4 4.Nxd4 Nc6 5.Nc3 d6 6.Bc4 Nf6 7.Be3 Be7 8.Qe2 O-O
9.Bb3 a6 10.O-O-O Qc7 11.g4 Nxd4 12.Rxd4 b5 13.g5 Nd7 14.Qh5 g6 15.Qe2 Nc5
16.h4 f5 17.gxf6 Bxf6 18.Rdd1 Bd7 19.Rdg1 Rac8 20.h5 Nxb3+ 21.axb3 b4 22.Nd1 Be8
23.f4 Bg7 24.Nf2 d5 25.Ng4 d4 26.hxg6 Bxg6 27.f5 exf5 28.Nh6+ Bxh6 29.Bxh6 Rfe8
30.Rg2 fxe4 31.Qxa6 Qf7 32.Rhg1 Ra8 33.Qd6 Ra1+ 34.Kd2 e3+ 35.Ke2 Rxg1  0-1

[Event "Graz op"]
[Site "Graz"]
[Date "1994.??.??"]
[Round "5"]
[White "Krieger, Hermann"]
[Black "Simic, Dragan"]
[Result "1/2-1/2"]
[WhiteElo "2220"]
[BlackElo "2255"]

1.e4 c5 2.Nf3 e6 3.d4 cxd4 4.Nxd4 Nc6 5.Nc3 d6 6.Be3 Nf6 7.Be2 Be7 8.O-O O-O
9.f4 Bd7 10.Qe1 Qb8 11.Qg3 Kh8 12.Rad1 e5 13.fxe5 Nxe5 14.Nf5 Bxf5 15.Rxf5 b5
16.Nd5 Nxd5 17.Rxd5 a6 18.Rh5 Qc8 19.c4 bxc4 20.Rdxe5 dxe5 21.Bg4 Qc6 22.Qh3 Qg6
23.Bf5 Qxh5 24.Qxh5 g6 25.Qf3 gxf5 26.Qxf5 f6 27.Bh6 Rf7 28.Qe6 Kg8 29.Qg4+ Kh8
30.Qe6 Kg8 31.Qg4+ Kh8  1/2-1/2

[Event "Graz-ch"]
[Site "Graz"]
[Date "1994.??.??"]
[Round "6"]
[White "Stranegger, E."]
[Black "Egartner, Wolfgang"]
[Result "1-0"]
[WhiteElo "2115"]
[BlackElo "2115"]

1.e4 c5 2.Nf3 e6 3.d4 cxd4 4.Nxd4 Nc6 5.Nc3 a6 6.Be3 Nge7 7.Nb3 b5 8.a4 b4
9.a5 Nxa5 10.Na4 Rb8 11.Nxa5 Qxa5 12.Nb6 Qe5 13.Nc4 Qf6 14.Nd6+ Kd8 15.Ba7 Nc6
16.Bxb8 Nxb8 17.Nxc8 Bc5 18.Qd2 Qxb2 19.Rd1 Kxc8 20.Bxa6+ Kc7 21.Be2 Rc8
22.O-O Kd8 23.Bb5 d6 24.Qg5+ Qf6 25.Qg3 Ke7 26.Kh1 Nc6 27.f4 Nd4 28.Bd3 Qh6
29.e5 dxe5 30.fxe5 Nc6 31.Qf3 Nd8 32.Bb5 Rc7 33.Qa8  1-0